In so many words: (Record no. 11122)

MARC details
000 -LEADER
fixed length control field 00734 a2200193 4500
010 ## - LCCN (DPL NO)
LC control number ENG-89667
020 ## - INTERNATIONAL STANDARD BOOK NUMBER
International Standard Book Number 0415467346
Terms of availability 475.00
035 ## - SYSTEM CONTROL NUMBER
System control number EN-73200
037 ## - SOURCE OF ACQUISITION
Source of stock number/acquisition DBAD / PUB
082 14 - DEWEY DECIMAL CLASSIFICATION NUMBER
Classification number 305.4
245 1# - TITLE STATEMENT
Statement of responsibility, etc edited by Aparna Basu and Malavika Karlekar
Title In so many words:
Remainder of title women's life experiences from western and eastern India/
260 ## - PUBLICATION, DISTRIBUTION, ETC. (IMPRINT)
Place of publication, distribution, etc New Delhi
Name of publisher, distributor, etc Routledge
Date of publication, distribution, etc 2008
270 ## - ADDRESS
Address 912, Tolstoy House, 15-17 Tolstoy Marg
City New Delhi
Postal code 110 001
300 ## - PHYSICAL DESCRIPTION
Extent xvii, 129p.:
Dimensions 24 cm (pbk)
Other physical details b&w photos
700 1# - ADDED ENTRY--PERSONAL NAME
Personal name Basu, Aparna
9 (RLIN) 30766
700 1# - ADDED ENTRY--PERSONAL NAME
Personal name Karlekar, Malavika
9 (RLIN) 30767
942 ## - ADDED ENTRY ELEMENTS (KOHA)
Institution code [OBSOLETE] dpl
Item type English Books
Call number prefix 305.4 / INS
Source of classification or shelving scheme Dewey Decimal Classification
Holdings
Withdrawn status Lost status Not for loan Collection code Home library Current library Source of acquisition Cost, normal purchase price Full call number Barcode Copy number Cost, replacement price Koha item type
    Not For Loan Non-fiction D.B.Act.Division D.B.Act.Division DBAD/PUB 475.00 305.4 EN-73200 1 475.00 English Books

© Delhi Public Library
Hit Counter
free hit counter